<?xml version="1.0" encoding="UTF-8"?><?xml-stylesheet type="text/xsl" href="static/style.xsl"?><OAI-PMH xmlns="http://www.openarchives.org/OAI/2.0/" xmlns:xsi="http://www.w3.org/2001/XMLSchema-instance" xsi:schemaLocation="http://www.openarchives.org/OAI/2.0/ http://www.openarchives.org/OAI/2.0/OAI-PMH.xsd"><responseDate>2026-04-17T18:52:43Z</responseDate><request verb="GetRecord" identifier="oai:riubu.ubu.es:10259/10384" metadataPrefix="marc">https://riubu.ubu.es/oai/request</request><GetRecord><record><header><identifier>oai:riubu.ubu.es:10259/10384</identifier><datestamp>2025-03-28T01:05:33Z</datestamp><setSpec>com_10259_9420</setSpec><setSpec>com_10259_5087</setSpec><setSpec>com_10259_2728</setSpec><setSpec>com_10259_9435</setSpec><setSpec>col_10259_9439</setSpec><setSpec>col_10259_9436</setSpec></header><metadata><record xmlns="http://www.loc.gov/MARC21/slim" xmlns:doc="http://www.lyncode.com/xoai" xmlns:xsi="http://www.w3.org/2001/XMLSchema-instance" xmlns:dcterms="http://purl.org/dc/terms/" xsi:schemaLocation="http://www.loc.gov/MARC21/slim http://www.loc.gov/standards/marcxml/schema/MARC21slim.xsd">
<leader>00925njm 22002777a 4500</leader>
<datafield tag="042" ind1=" " ind2=" ">
<subfield code="a">dc</subfield>
</datafield>
<datafield tag="720" ind1=" " ind2=" ">
<subfield code="a">Abelenda Molina, Fernando</subfield>
<subfield code="e">author</subfield>
</datafield>
<datafield tag="720" ind1=" " ind2=" ">
<subfield code="a">Ballester Marín, Marta</subfield>
<subfield code="e">author</subfield>
</datafield>
<datafield tag="720" ind1=" " ind2=" ">
<subfield code="a">Bartolomé González, Rubén</subfield>
<subfield code="e">author</subfield>
</datafield>
<datafield tag="720" ind1=" " ind2=" ">
<subfield code="a">Chaltout, Rym</subfield>
<subfield code="e">author</subfield>
</datafield>
<datafield tag="720" ind1=" " ind2=" ">
<subfield code="a">González Quirós, Ana</subfield>
<subfield code="e">author</subfield>
</datafield>
<datafield tag="720" ind1=" " ind2=" ">
<subfield code="a">Harti, Wijdane</subfield>
<subfield code="e">author</subfield>
</datafield>
<datafield tag="720" ind1=" " ind2=" ">
<subfield code="a">Jiménez Horcajuelo, Lydia Victoria</subfield>
<subfield code="e">author</subfield>
</datafield>
<datafield tag="260" ind1=" " ind2=" ">
<subfield code="c">2024</subfield>
</datafield>
<datafield tag="520" ind1=" " ind2=" ">
<subfield code="a">El dispositivo para echar pasta de dientes va dirigido a toda persona con un déficit en la destreza motora de fuerza del miembro superior distal y/o dificultad en la coordinación bimanual; con afectación en la flexión palmar y de dedos con rango de movimiento limitado, al igual que la abducción, aducción y desviaciones de las articulaciones distales. Ofreciendo así, una facilidad en la ejecución de la mencionada actividad.</subfield>
</datafield>
<datafield tag="024" ind2=" " ind1="8">
<subfield code="a">http://hdl.handle.net/10259/10384</subfield>
</datafield>
<datafield tag="245" ind1="0" ind2="0">
<subfield code="a">Producto de apoyo de bajo coste: dispositivo para echar pasta de dientes</subfield>
</datafield>
</record></metadata></record></GetRecord></OAI-PMH>